Mathematics : (Record no. 180033)
[ view plain ]
| 000 -LEADER | |
|---|---|
| fixed length control field | 00967 a2200205 4500 |
| 003 - CONTROL NUMBER IDENTIFIER | |
| control field | NUST |
| 005 - DATE AND TIME OF LATEST TRANSACTION | |
| control field | 20230705093531.0 |
| 010 ## - LIBRARY OF CONGRESS CONTROL NUMBER | |
| LC control number | 74034212 |
| 020 ## - INTERNATIONAL STANDARD BOOK NUMBER | |
| International Standard Book Number | 871501198 |
| 040 ## - CATALOGING SOURCE | |
| Transcribing agency | Nust |
| 082 00 - DEWEY DECIMAL CLASSIFICATION NUMBER | |
| Classification number | 510,KOV |
| 100 1# - MAIN ENTRY--PERSONAL NAME | |
| Personal name | Kovacic, Michael L. |
| 9 (RLIN) | 113349 |
| 245 10 - TITLE STATEMENT | |
| Title | Mathematics : |
| Remainder of title | fundamentals for managerial decision-making / |
| Statement of responsibility, etc. | Michael L. Kovacic. |
| 260 ## - PUBLICATION, DISTRIBUTION, ETC. | |
| Place of publication, distribution, etc. | Boston : |
| Name of publisher, distributor, etc. | Prindle, Weber & Schmidt, |
| Date of publication, distribution, etc. | 1971. |
| 300 ## - PHYSICAL DESCRIPTION | |
| Extent | xii,464 p.; |
| Other physical details | ill. ; |
| Dimensions | 25 cm. |
| 505 ## - FORMATTED CONTENTS NOTE | |
| Formatted contents note | Sets and Subsets (Page-1), Properties and Applications of Real Numbers (Page-13), Relations Functions and Graphs (Page-49), Mathematics of Monetary Matters (Page-93), Systems of Equations (Page-123), Matrices (Page-141), Elementary Linear Programming (Page-173), Introductory Probability (Page-207), Differential Calculus (Page-173), Integral Calculus (Page-347). |
| 650 #0 - SUBJECT ADDED ENTRY--TOPICAL TERM | |
| Topical term or geographic name entry element | Business mathematics. |
| 9 (RLIN) | 39083 |
| 650 #0 - SUBJECT ADDED ENTRY--TOPICAL TERM | |
| Topical term or geographic name entry element | Decision making |
| General subdivision | Mathematical models. |
| 9 (RLIN) | 44615 |
| 942 ## - ADDED ENTRY ELEMENTS (KOHA) | |
| Source of classification or shelving scheme | |
| Koha item type | Book |
| Call number prefix | 510,KOV |
| Withdrawn status | Lost status | Source of classification or shelving scheme | Damaged status | Not for loan | Permanent Location | Current Location | Shelving location | Date acquired | Full call number | Barcode | Date last seen | Price effective from | Koha item type | Public note |
|---|---|---|---|---|---|---|---|---|---|---|---|---|---|---|
| Military College of Signals (MCS) | Military College of Signals (MCS) | General Stacks | 12/12/2016 | 510,KOV | MCS7118 | 12/08/2016 | 12/12/2016 | Book | Almirah No.82, Shelf No.1 |
